| 000 | 00341nam a22001457a 4500 | ||
|---|---|---|---|
| 003 | OSt | ||
| 005 | 20220225103552.0 | ||
| 008 | 220225b |||||||| |||| 00| 0 eng d | ||
| 020 | _a0870334778 | ||
| 040 | _cHU | ||
| 082 |
_23rd _a720.97526 |
||
| 100 |
_aDorsey _931681 |
||
| 245 | _aA Guide To Baltimore Architecture | ||
| 942 |
_2ddc _cBOOKS _n0 |
||
| 999 |
_c31728 _d31728 |
||